Data Communications and Networking (Record no. 561)

MARC details
000 -LEADER
Fixed length control field 00493nam a2200181 4500
003 - CONTROL NUMBER IDENTIFIER
Control field SEACOMMC
005 - DATE AND TIME OF LATEST TRANSACTION
Control field 20250412122119.0
008 - FIXED-LENGTH DATA ELEMENTS--GENERAL INFORMATION
Fixed length control field 240918b |||||||| |||| 00| 0 eng d
020 ## - INTERNATIONAL STANDARD BOOK NUMBER / ISBN
International Standard Book Number 978-125-906475-3
Price Rs.350.00
040 ## - CATALOGING SOURCE
Original cataloging agency SEACOMMC
082 ## - DEWEY DECIMAL CLASSIFICATION NUMBER
Classification number 004.6
Book Number F727
100 ## - MAIN ENTRY--PERSONAL NAME
Personal name Forouzan, Behrouz A
245 1# - TITLE STATEMENT
Title Data Communications and Networking
Statement of responsibility Behrouz A Forouzan
250 ## - EDITION STATEMENT
Edition statement 4th ed.
260 ## - IMPRINT
Place of publication New Delhi
Name of publisher Tata McGraw Hill
Date of publication 2006
650 ## - SUBJECT ADDED ENTRY--TOPICAL TERM
Topical term Data communications
942 ## - ADDED ENTRY ELEMENTS (KOHA)
Koha item type Books
Holdings
Withdrawn status Lost status Source of classification Damaged status Not for loan Home library Current library Date acquired Total Checkouts Call number Accession number Date last seen Price effective from Koha item type Copy number
    Dewey Decimal Classification     SEACOM MANAGEMENT COLLEGE SEACOM MANAGEMENT COLLEGE 25/09/2007   004.6 F727 M-174 18/09/2024 18/09/2024 Books  
    Dewey Decimal Classification     SEACOM MANAGEMENT COLLEGE SEACOM MANAGEMENT COLLEGE 25/09/2007   004.6 F727 M-175 18/09/2024 18/09/2024 Books 1
    Dewey Decimal Classification     SEACOM MANAGEMENT COLLEGE SEACOM MANAGEMENT COLLEGE 25/09/2007   004.6 F727 M-176 18/09/2024 18/09/2024 Books 2
    Dewey Decimal Classification     SEACOM MANAGEMENT COLLEGE SEACOM MANAGEMENT COLLEGE 25/09/2007   004.6 F727 M-177 18/09/2024 18/09/2024 Books 3
    Dewey Decimal Classification     SEACOM MANAGEMENT COLLEGE SEACOM MANAGEMENT COLLEGE 25/09/2007   004.6 F727 M-178 18/09/2024 18/09/2024 Books 4
    Dewey Decimal Classification     SEACOM MANAGEMENT COLLEGE SEACOM MANAGEMENT COLLEGE 25/09/2007   004.6 F727 M-179 18/09/2024 18/09/2024 Books 5
    Dewey Decimal Classification     SEACOM MANAGEMENT COLLEGE SEACOM MANAGEMENT COLLEGE 25/09/2007   004.6 F727 M-180 18/09/2024 18/09/2024 Books 6
© Seacom Engineering College, All rights reserved.    Powered by Koha